Loreto College Library, Kolkata
WEBOPAC (ONLINE PUBLIC ACCESS CATALOGUE)

Inclusive and integrated approaches to special education (Record no. 42530)

MARC details
000 -LEADER
fixed length control field 00739nam a22002417a 4500
005 - DATE AND TIME OF LATEST TRANSACTION
control field 20240209085308.0
008 - FIXED-LENGTH DATA ELEMENTS--GENERAL INFORMATION
fixed length control field 191212b xxu||||| |||| 00| 0 eng d
020 ## - ISBN | অাই এস বি এন
ISBN | অাই এস বি এন 9788184575989
PRICE Rs.650.00
040 ## - CATALOGING SOURCE
Original cataloging agency Loreto College
Language of cataloging Eng
041 ## - LANGUAGE CODE
Language code English
082 ## - DDC | ডিউই
Classification number | বর্গসংখ্যা 371.9
Book Number | গ্রন্থাঙ্ক MEN
100 ## - MAIN ENTRY--PERSONAL NAME | মুখ্য সংলেখ - ব্যাক্তিনাম
Personal name | ব্যাক্তিনাম Menon, Latika
245 ## - TITLE STATEMENT | অাখ্যা বিবরণী
Title | অাখ্যা Inclusive and integrated approaches to special education
Statement of responsibility | লেখকের দায়িত্বের বিবরণ Latika Menon
260 ## - IMPRINT | প্রকাশনা ক্ষেত্র
Place of publication | প্রকাশ স্থান New delhi
Name of publisher | প্রকাশকের নাম Kanishka Publishers
Date of publication | প্রকাশ কাল 2014
300 ## - PHYSICAL DESCRIPTION |
Page / Vol. No | পৃষ্ঠা / খন্ড সংখ্যা 216 p.
Other physical details | অনান্য বাহ্যিক বিবরণ 24 cm.
500 ## - GENERAL NOTE | সাধারণ টীকা
General note | সাধারণ টীকা U.G.C - M.R.P 2017-19(Dr.Ranjita Dawn)
504 ## - BIBLIOGRAPHY, ETC. NOTE
Bibliography, etc Includes bibliographical references and index
650 ## - SUBJECT ADDED ENTRY--TOPICAL TERM | বিষয় শিরোনাম - মূল বিষয়
Topical term | মূল বিষয় Mainstreaming in education
650 ## - SUBJECT ADDED ENTRY--TOPICAL TERM | বিষয় শিরোনাম - মূল বিষয়
Topical term | মূল বিষয় Special education
650 ## - SUBJECT ADDED ENTRY--TOPICAL TERM | বিষয় শিরোনাম - মূল বিষয়
Topical term | মূল বিষয় Inclusive education
850 ## - HOLDING INSTITUTION
Holding institution LCLIB
942 ## - ADDED ENTRY ELEMENTS (KOHA)
Koha item type Books
Holdings
Withdrawn status Lost status Source of classification Damaged status Not for loan Home library Current library Date acquired Price Total Checkouts Full call number Accession No. Date last seen Date checked out Price effective from Koha item type
    Dewey Decimal Classification     Loreto College Loreto College 12/12/2019 650.00 1 371.9 MEN 53439 46554 12/03/2022 05/03/2022 12/12/2019 Books